| 000 | 00877cam a2200241 i 4500 | ||
|---|---|---|---|
| 003 | SA-RiAUC | ||
| 005 | 20241127143754.0 | ||
| 008 | 241126s1988 su g 000 e ara c | ||
| 040 |
_aSA-JeALM _bara _cSA-RiAUC _erda |
||
| 082 | 0 | 4 | _a814.9531 |
| 090 |
_a814.9531 _bز ي د |
||
| 100 | 1 |
_aزيدان، محمد حسين، _d1325-1412 هجري _eمؤلف. |
|
| 245 | 1 | 0 |
_aخواطر مجنحة / _cتأليف محمد حسين زيدان. |
| 250 | _aالطبعة الثانية. | ||
| 264 | 1 |
_aجدة : _bتهامة، _c1984 |
|
| 300 | _a100 صفحة | ||
| 336 |
_aنص _btxt _2rdacontent _3كتاب |
||
| 337 |
_aبدون وسيط _bn _2rdamedia |
||
| 338 |
_aمجلد _bnc _2rdacarrier |
||
| 650 | 7 |
_aالأدب العربي _zالسعودية _yقرن 14 هجري _vمقالات ومحاضرات _2aucsh |
|
| 942 |
_2ddc _cBOOK _n0 |
||
| 949 |
_aSA-JeALM _d241126 _umohamedma123 _n1 |
||
| 999 |
_c2820 _d2820 |
||